• 首页
  • 本馆介绍
  • 公告通知
  • 最新文献
  • 馆藏检索
  • 电子资源
  • 读者导购
  • 参考咨询
  • 我的图书馆
  • 登录
  • 详细信息显示
  • 放入我的书架
  • 预约/预借图书
  • 作者相关作品
  • 分类相关作品
  • 丛书相关作品
  • 出版社相关作品

书目信息

  • 表格格式
  • 工作单格式
  • 卡片格式
题名:
植物制片技术
    
 
作者: 李正理 编著
分册:  
出版信息: 北京   科学出版社  1987
页数: 170页
开本: 19cm
丛书名:
单 册:
中图分类: Q-336
科图分类:
主题词: 植物-显微操作术 , 显微操作术-植物 , 生物学--实验 , 生物技术
电子资源:
ISBN:
000 00728nam0 2200289 45
001 0187014060
005 20040916152014.6
010    @dCNY1.35
091    @a13031.3488
100    @a19951123d1987 em y0chiy0121 ea
101 0  @achi
102    @aCN@b110000
105    @ay z 000yy
106    @ar
200 10 @a植物制片技术@Azhi wu zhi pian ji shu@f李正理编著
205    @a2版
210    @a北京@c科学出版社@d1987
215    @a170页@d19cm
606    @a植物-显微操作术
606    @a显微操作术-植物
606 0  @a生物学@x实验
606 0  @a生物技术
690    @aQ-336@v3
701  0 @a李正理@4编著@Ali zheng li
801  0 @aCN@b深圳图书馆@c20040524
801  2 @aCN@bNLC@c20040524
905    @dQ-336@e17=2@b206700@f1
    
    植物制片技术/李正理编著.-2版.-北京:科学出版社,1987
    170页;19cm
    
    
    ISBN :CNY1.35
    
●
相关链接 在E读中查询图书 在五车中查询图书 在当当中查询图书 在豆瓣中查询图书


正题名:植物制片技术     索取号:Q-336/17=2         预约/预借

序号 登录号 条形码 馆藏地/架位号 状态 备注
1 0206699   000624471   第三借阅区/ [索取号:Q-336/17=2] 在馆    
2 0206700   001958705   第三借阅区/ [索取号:Q-336/17=2] 在馆    
3 0206701   000075242   第二样本阅览室/ [索取号:Q-336/17=2] 在馆    
唐山师范学院图书馆 欢迎您!
大连网信软件有限公司© 版权所有